ការថែបំប៉នកូនត្រីកាបស (Record no. 3577)

000 -LEADER
fixed length control field 00443nam a22001577a 4500
003 - CONTROL NUMBER IDENTIFIER
control field OSt
005 - DATE AND TIME OF LATEST TRANSACTION
control field 20151118103436.0
008 - FIXED-LENGTH DATA ELEMENTS--GENERAL INFORMATION
fixed length control field 151118b xxu||||| |||| 00| 0 eng d
040 ## - CATALOGING SOURCE
Transcribing agency RUA
082 ## - DEWEY DECIMAL CLASSIFICATION NUMBER
Classification number FIS កាំង1993 B148​ Or.1
100 ## - MAIN ENTRY--PERSONAL NAME
9 (RLIN) 3846
Personal name កាំង ឃឹម
245 ## - TITLE STATEMENT
Title ការថែបំប៉នកូនត្រីកាបស
260 ## - PUBLICATION, DISTRIBUTION, ETC. (IMPRINT)
Place of publication, distribution, etc. Phnom Penh
Name of publisher, distributor, etc. RUA
Date of publication, distribution, etc. 1993
300 ## - PHYSICAL DESCRIPTION
Extent 69p.
Other physical details ill.
Dimensions 29cm.
942 ## - ADDED ENTRY ELEMENTS (KOHA)
Source of classification or shelving scheme
Koha item type FOR
Holdings
Price effective from Date last seen Permanent Location Not for loan Date acquired Source of classification or shelving scheme Koha item type Lost status Withdrawn status Date last checked out Total Checkouts Shelving location Damaged status Barcode Current Location Full call number
2015-11-182015-11-18Library Block B 2015-11-18 FOR    B148 RUA012257Library Block BFIS កាំង1993 B148​ Or.1
2015-11-182016-08-12Library Block B 2015-11-18 FOR  2016-07-271B148 RUA012041Library Block BFIS កាំង1993 B148​ Or.2
2015-11-182015-11-18Library Block B 2015-11-18 FOR    B148 RUA012185Library Block BFIS កាំង1993 B148​ Or.3
2015-11-182015-11-18Library Block B 2015-11-18 FOR    B148 RUA012113Library Block BFIS កាំង1993 B148​ Or.4
2015-11-182015-11-18Library Block B 2015-11-18 FOR    B148 RUA012308Library Block BFIS កាំង1993 B148​ Or.5
2015-11-182015-11-18Library Block B 2015-11-18 FOR    B148 RUA012183Library Block BFIS កាំង1993 B148​ Or.6
2015-11-182015-11-18Library Block B 2015-11-18 FOR    B148 RUA012595Library Block BFIS កាំង1993 B148​ Or.7
2015-11-182015-11-18Library Block B 2015-11-18 FOR    B148 RUA012271Library Block BFIS កាំង1993 B148​ Or.8
2015-11-182022-07-22Library Block B 2015-11-18 FOR  2022-07-011B148 RUA012199Library Block BFIS កាំង1993 B148​ Or.9
2015-11-182015-11-18Library Block B 2015-11-18 FOR    B148 RUA012127Library Block BFIS កាំង1993 B148​ Or.10
2015-11-182015-11-18Library Block B 2015-11-18 FOR    B148 RUA012272Library Block BFIS កាំង1993 B148​ Or.11
2015-11-182015-11-18Library Block B 2015-11-18 FOR    B148 RUA012200Library Block BFIS កាំង1993 B148​ Or.12
2015-11-182015-11-18Library Block B 2015-11-18 FOR    B148 RUA012128Library Block BFIS កាំង1993 B148​ Or.13
2015-11-182015-11-18Library Block B 2015-11-18 FOR    B148 RUA012231Library Block BFIS កាំង1993 B148​ Or.14
មជ្ឈមណ្ឌលឯការនៃសាកលវិទ្យាល័យភូមិន្ទកសិកម្មចំការដូង

Powered by Koha